000 00840nam a2200217Ia 4500
003 OSt
005 20251215122019.0
008 210210b2013 xxu||||| |||| 00| 0 eng d
020 _a9788192451343
040 _cAL
041 _aKannada
082 _a709.54K KAPK
100 _aKAPILA VATSAYANA Ed
_983694
_dಕಪಿಲಾ ವಾತ್ಸಾಯನ
245 _aKalatatvakosha: mahabhuta Samputa 3 : BharatIya kalegala mulabuta parikalpanegala vivarana kosha
_bಕಲಾತತ್ವಕೋಶ : ಮಹಾಭೂತ ಸಂಪುಟ ೩ : ಭಾರತೀಯ ಕಲೆಗಳ ಮೂಲಭೂತ ಪರಿಕಲ್ಪನೆಗಳ ವಿವರಣಾ ಕೋಶ
260 _aTumakuru
_bPrasaranga , Vishvavidyanilaya
_c2013
300 _axxxvii,446
440 _a3
_983695
690 _aThe Arts
_983696
906 _a067694
942 _2ddc
_cBK
999 _c152785
_d152785